00484nam a22001697a 450000500170000001000130001702000260003003500130005603700180006908200080008724500750009526000360017027000500020630000200025670000200027670000180029620200810110921.0 aB-732614 a9789351790228c200.00 aB-732614 bDBAD/PUBadpl a270 aThe Quran /ctranslated by Maulana Wahiduddin Khan [and] Farida Khanam aNew DelhibGoodword Booksc2014 a1, Nizamuddin West Market bNew Delhie110013 a502p.c19cm(Hb) aWahiduddin Khan aFarida Khanam